000 00490nam a2200181Ia 4500
001 19843
005 20260306172722.0
008 260306t2008||||xx |||||||||||||| ||spa||
041 _aESP
082 _a341.14
_bJ73 2008
100 _aHerrera, Daniel A. (comp.)
_eAUT
245 0 _aII Jornadas internacionales de derecho natural:
_bley natural y multiculturalismo
260 _c2008
300 _a535 páginas :
_c23 cm.
650 _aGEN
654 _aCDE
942 _cLIB
_dJUS
_fJUS
_2ddc
_n
999 _c19843
_d19843